Cultivo del arroz: manual de producción
Saved in:
| Corporate Author: | |
|---|---|
| Format: | Book |
| Language: | Spanish |
| Published: |
Ciudad de México
Centro Regional de Ayuda Técnica
1975
|
| Subjects: | |
| Tags: |
Add Tag
No Tags, Be the first to tag this record!
|
MARC
| LEADER | 00000nam a2200000 a 4500 | ||
|---|---|---|---|
| 001 | UCR4542 | ||
| 003 | CL-VaPUC | ||
| 008 | 980313e19750000MX |||||||||||||||||spa|d | ||
| 082 | 0 | 4 | |a 633.18 |b UNI |2 21 |
| 110 | 2 | |a Universidad de Filipinas |e author |9 404875 | |
| 245 | 1 | 0 | |a Cultivo del arroz: manual de producción |
| 300 | |a 426 p | ||
| 942 | |c BK | ||
| 945 | |d 19980313 00:00:00 |a rleighto | ||
| 260 | |a Ciudad de México |b Centro Regional de Ayuda Técnica |c 1975 | ||
| 650 | 0 | |a Arroz |9 364842 | |
| 650 | 0 | |a Cultivo |9 264268 | |
| 650 | 0 | |a Morfología vegetal |9 261628 | |
| 650 | 0 | |a Crecimiento vegetal |9 359570 | |
| 650 | 0 | |a Desarrollo vegetal |9 338112 | |
| 650 | 0 | |a Germinación |9 316434 | |
| 650 | 0 | |a Fertilizantes |9 262833 | |
| 650 | 7 | |a PLAGAS |2 CL-VaPUC |9 264624 | |
| 650 | 0 | |a Enfermedades de las plantas |9 259687 | |
| 650 | 0 | |a Manuales |9 257144 | |
| 583 | |a last modification |c 19980313 00:00:00 |k Rodrigo Vera | ||
| 999 | |c 267477 |d 267475 | ||